[Event "Tourn. n10069"]
[Site "www.echecsemail.com"]
[Date "2019.04.28"]
[Round "1"]
[White "Ditto"]
[Black "Jjmcbride"]
[WhiteElo "1710"]
[BlackElo "1600"]
[Result "1-0"]
[Round "1"]
1.e4 e5
2.Ng1f3 d6
3.Bf1c4 Ng8f6
4.d3 Bc8g4
5.Bc1g5 Rh8g8
6.Nb1d2 Qd8d7
7.Qd1e2 Nb8c6
8.a3 Nc6d4
9.Qe2d1 O-O-O
10.Bg5e3 Bg4xf3
11.gxf3 Qd7h3
12.Be3xd4 exd4
13.Bc4xf7 Qh3g2
14.Rh1f1 Rg8h8
15.Qd1e2 Qg2xh2
16.O-O-O Qh2e5
17.Bf7b3 d5
18.Rd1e1 Rd8e8
19.Rf1g1 Qe5f4
20.Kb1 g5
21.Qe2d1 dxe4
22.fxe4 h5
23.Nd2f3 Nf6g4
24.Nf3xd4 Qf4xf2
25.Nd4f5 Ng4h2
26.Rg1xg5 Nh2f3
27.Re1e2 Qf2c5
28.Re2g2 Nf3xg5
{ time. }
1-0

[Event "Match"]
[Site "www.echecsemail.com"]
[Date "2019.04.28"]
[Round "1"]
[White "Liencam2"]
[Black "Apdash"]
[WhiteElo "2330"]
[BlackElo "2190"]
[Result "1-0"]
[Round "1"]
1.e4 e6
2.d4 d5
3.Nb1d2 Nb8c6
4.Ng1f3 dxe4
5.Nd2xe4 a6
6.Bf1d3 Ng8f6
7.O-O Bf8e7
8.c3 h6
9.Rf1e1 b5
10.Ne4xf6 Be7xf6
11.Bd3e4 Bc8b7
12.Bc1f4 O-O
13.Qd1d2 g5
14.Be4xc6 Bb7xc6
15.Nf3e5 Bf6xe5
16.Bf4xe5 f6
17.Be5g3 Qd8d5
18.f3 e5
19.Ra1d1 Ra8d8
20.a3 Rf8f7
21.Qd2c2 Rf7d7
22.Qc2g6 Rd7g7
23.Qg6xf6 g4
24.Re1xe5 Qd5b3
25.Qf6xd8 Kh7
26.Qd8f6 Qb3xd1
27.Re5e1 Qd1d2
28.Qf6xc6 gxf3
29.Qc6xf3 Qd2c2
30.Qf3e4 Qc2xe4
31.Re1xe4 { resign }
1-0

[Event "Tourn. n10054"]
[Site "www.echecsemail.com"]
[Date "2019.04.28"]
[Round "1"]
[White "Cal"]
[Black "Passaroa25"]
[WhiteElo "1870"]
[BlackElo "1810"]
[Result "1-0"]
[Round "1"]
1.c4 Nb8c6
2.Nb1c3 e5
3.e4 Ng8f6
4.d3 Nc6d4
5.Bc1e3 c6
6.a3 d6
7.h3 Bc8e6
8.Ng1f3 Bf8e7
9.Bf1e2 O-O
10.Be3xd4 exd4
11.Nf3xd4 Nf6e8
12.O-O Ne8c7
13.b4 Nc7e8
14.f4 Ne8c7
15.f5 Be6d7
16.Be2g4 f6
17.Rf1f3 Qd8b8
18.Qd1e2 Bd7e8
19.Rf3g3 Be8f7
20.Ra1f1 g5
21.Bg4h5 Bf7xh5
22.Qe2xh5 Rf8f7
23.Nc3e2 Rf7g7
24.Nd4f3 Qb8e8
25.Qh5h6 Qe8f7
26.Nf3h2 Nc7e8
27.Ne2d4 Ra8d8
28.Nd4e6 Rd8d7
29.Nh2g4 Kh8
30.d4 Be7f8
31.Ne6xf8 Qf7xf8
32.e5 Rd7f7
33.e6 Rf7e7
34.h4 Rg7g8
35.d5 Qf8xh6
36.Ng4xh6 Rg8g7
37.hxg5 Rg7xg5
38.Rg3h3 Ne8g7
39.Rf1f4 Ng7xf5
40.Nh6f7 Kg7
41.Nf7xg5 h6
42.Ng5f7 c5
43.Rf4xf5 b6
44.Rh3xh6 Re7xf7
45.exf7 Kxf7
46.Rf5xf6 Kg7
47.g4 a5
48.Rf6xd6 cxb4
49.axb4 axb4
50.Rd6xb6 b3
51.g5 { resign }
1-0

[Event "Tourn. n10109"]
[Site "www.echecsemail.com"]
[Date "2019.04.28"]
[Round "1"]
[White "Dussek"]
[Black "Picifarkinca"]
[WhiteElo "1940"]
[BlackElo "2070"]
[Result "1/2-1/2"]
[Round "1"]
1.c4 e5
2.Nb1c3 Ng8f6
3.g3 d5
4.cxd5 Nf6xd5
5.Bf1g2 c6
6.Ng1f3 Bf8e7
7.Nf3xe5 Nd5f6
8.d3 O-O
9.O-O Nb8a6
10.a3 Na6c7
11.Qd1c2 Rf8e8
12.b4 Be7f8
13.Ne5c4 Bc8e6
{ draw }
1/2-1/2

[Event "Match"]
[Site "www.echecsemail.com"]
[Date "2019.04.28"]
[Round "1"]
[White "Fegatux"]
[Black "Joseph1983"]
[WhiteElo "2290"]
[BlackElo "2170"]
[Result "0-1"]
[Round "1"]
1.d4 d5
2.c4 e6
3.Ng1f3 Ng8f6
4.g3 dxc4
5.Bf1g2 b5
6.Nf3e5 Nf6d5
7.O-O Bc8b7
8.e4 Nd5b6
9.Nb1c3 a6
10.Qd1f3 Qd8e7
11.a3 g6
12.h4 Bf8g7
13.Rf1e1 O-O
14.Bc1e3 Nb8d7
15.Ne5g4 f5
16.Ng4h6 Kh8
17.Qf3d1 Rf8e8
18.Be3g5 Qe7f8
19.Qd1d2 Nd7f6
20.exf5 Bb7xg2
21.Kxg2 exf5
22.Kf1 Nf6d5
23.Ra1d1 f4
24.Nh6g4 fxg3
25.Kg2 gxf2
26.Qd2xf2 Qf8xf2
27.Kxf2 Re8xe1
28.Kxe1 Ra8e8
29.Kf2 Nd5xc3
30.bxc3 Nb6d5
31.Bg5d2 h5
32.Ng4h2 Kh7
33.Nh2f3 Bg7h6
34.Nf3g5 Kg7
35.Kf3 Bh6xg5
36.hxg5 Kf7
37.Rd1f1 Kg7
38.Kg3 Re8e2
39.Bd2c1 Re2c2
40.Kf3 Nd5xc3
41.Rf1e1 Kf7
{ resign }
0-1

[Event "Tourn. n10112"]
[Site "www.echecsemail.com"]
[Date "2019.04.28"]
[Round "1"]
[White "Picifarkinca"]
[Black "Souricette64"]
[WhiteElo "2040"]
[BlackElo "2080"]
[Result "1-0"]
[Round "1"]
1.d4 d5
2.c4 c6
3.cxd5 cxd5
4.Nb1c3 Ng8f6
5.Ng1f3 Nb8c6
6.Bc1f4 a6
7.e3 Bc8g4
8.Bf1e2 e6
9.O-O  { time }
1-0

[Event "Tourn. n10105"]
[Site "www.echecsemail.com"]
[Date "2019.04.28"]
[Round "1"]
[White "Bojan"]
[Black "Picifarkinca"]
[WhiteElo "2090"]
[BlackElo "1860"]
[Result "1/2-1/2"]
[Round "1"]
1.e4 e5
2.Ng1f3 Nb8c6
3.Nb1c3 Ng8f6
4.a3 Bf8e7
5.d4 d6
6.d5 Nc6b8
7.h3 O-O
8.Bf1d3 c6
9.Bc1d2 Bc8d7
10.Qd1e2 cxd5
11.exd5 Rf8e8
12.Bd2e3 Be7f8
13.Nf3h2 a6
14.a4 b6
15.f3 Bd7c8
16.Nh2g4 Nf6h5
17.Be3f2 Nh5f4
18.Qe2f1 Nf4xd3
19.Qf1xd3 Nb8d7
20.Nc3e4 Nd7c5
21.Qd3c4 Bc8d7
22.b4 Nc5xe4
23.Qc4xe4 f5
24.Ng4h6 gxh6
25.Qe4c4 b5
26.axb5 Bd7xb5
27.Qc4b3 Qd8g5
28.c4 Bb5d7
29.h4 Qg5f6
30.g3 e4
31.Ke2 Bf8g7
32.f4 h5
33.Ra1d1 Re8b8
34.Bf2d4 Qf6f7
35.Bd4xg7 Qf7xg7
36.Kf2 Bd7e8
37.Rd1b1 Qg7d4
38.Kg2 Qd4d2
39.Kh3 a5
40.Rh1h2 Qd2xb4
41.Qb3xb4 Rb8xb4
42.Rb1c1 Ra8c8
43.Rh2c2 Rc8c5
44.Kg2 { draw }
1/2-1/2

[Event "Match"]
[Site "www.echecsemail.com"]
[Date "2019.04.28"]
[Round "1"]
[White "Cathar"]
[Black "D4minance"]
[WhiteElo "2200"]
[BlackElo "2509"]
[Result "0-1"]
[Round "1"]
1.d4 Ng8f6
2.c4 e6
3.g3 d5
4.Ng1f3 dxc4
5.Bf1g2 Bc8d7
6.Nf3e5 Bd7c6
7.Ne5xc6 Nb8xc6
8.O-O Qd8d7
9.e3 O-O-O
10.Qd1a4 Nf6d5
11.Qa4xc4 h5
12.Bc1d2 h4
13.Rf1c1 hxg3
14.hxg3 f5
15.b4 g5
16.b5 Nc6e7
17.Nb1c3 Kb8
18.a4 f4
19.e4 Nd5xc3
20.Bd2xc3 Bf8g7
21.Rc1d1 g4
22.gxf4 Ne7g6
23.a5 Ng6xf4
24.b6 Rd8c8
25.bxa7 Ka8
26.a6 b5
27.Qc4f1 Bg7e5
{ resign }
0-1

[Event "1/64 Finale"]
[Site "www.chess-mail.com"]
[Date "2019.04.28"]
[Round "1"]
[White "Vesperale"]
[Black "Reignblowcan"]
[WhiteElo "1879"]
[BlackElo "2590"]
[Result "0-1"]
[Round "1"]
1.f4 d5
2.Ng1f3 g6
3.b3 Bf8g7
4.c3 Ng8f6
5.Bc1b2 c5
6.e3 O-O
7.Bf1e2 Nb8c6
8.O-O Bc8f5
9.d3 Qd8c7
10.Nb1d2 Nf6g4
 { time }
0-1

[Event "1/128 Finale"]
[Site "www.chess-mail.com"]
[Date "2019.04.28"]
[Round "1"]
[White "Guidom"]
[Black "Bevittsmith"]
[WhiteElo "2120"]
[BlackElo "2280"]
[Result "0-1"]
[Round "1"]
1.e4 e6
2.d4 d5
3.Nb1c3 Bf8b4
4.e5 c5
5.a3 Bb4xc3
6.bxc3 Ng8e7
7.Qd1g4 Qd8c7
8.Bf1b5 Bc8d7
9.Bb5xd7 Nb8xd7
10.Ng1f3 cxd4
11.Qg4xd4 Ne7f5
12.Qd4d3 Nd7xe5
13.Nf3xe5 Qc7xe5
14.Kf1 O-O
15.g3 Ra8c8
16.Bc1d2 Rf8d8
17.f3 Nf5d6
18.Bd2f4 Qe5xc3
19.Qd3xc3 Rc8xc3
20.Ra1a2 Rc3xf3
21.Kg2 Rf3c3
22.Bf4e5 Rc3c4
23.Rh1b1 b6
24.Rb1b4 Rc4xb4
25.axb4 Nd6b5
26.Kf3 f6
27.Be5f4 e5
28.Bf4d2 Rd8c8
29.Ke2 Nb5c3
30.Bd2xc3 Rc8xc3
31.Kd2 Rc3c7
32.c3 Kf7
33.Kd3 Ke6
34.g4 e4
35.Kd2 g6
36.h4 f5
37.g5 f4
38.Ra2a1 Ke5
39.Ra1h1 f3
{ resign }
0-1

[Event "Tourn. n10120"]
[Site "www.echecsemail.com"]
[Date "2019.04.29"]
[Round "1"]
[White "Fantomas"]
[Black "Fegatux"]
[WhiteElo "2290"]
[BlackElo "2290"]
[Result "1/2-1/2"]
[Round "1"]
1.e4 c5
2.Ng1f3 d6
3.Nb1c3 Ng8f6
4.d4 cxd4
5.Nf3xd4 Nb8c6
6.h3 g6
7.Bf1b5 Bc8d7
8.Bc1e3 Bf8g7
9.O-O O-O
10.Bb5e2 a6
11.Nd4b3 b5
12.Nc3d5 Nf6xe4
13.c3 Ne4f6
14.Be3b6 Qd8c8
15.Nb3a5 Nf6xd5
16.Qd1xd5 Nc6xa5
17.Bb6xa5 Bd7c6
18.Qd5d3 Qc8b7
19.f3 Bc6d5
20.b3 Ra8c8
21.Ra1c1 Qb7a7
22.Kh1 Bd5a8
23.Qd3d2 d5
24.c4 dxc4
25.bxc4 bxc4
26.Be2xc4 e6
27.Qd2e2 Rc8c6
28.Bc4b3 Rf8c8
29.Rc1xc6 Rc8xc6
30.Rf1d1 Rc6c8
31.Rd1d6 Ba8b7
32.Qe2d2 Qa7b8
33.Rd6d8 Rc8xd8
34.Qd2xd8 Qb8xd8
35.Ba5xd8 Bb7d5
36.Bb3xd5 exd5
37.Bd8a5 f5
38.Kg1 Bg7d4
39.Kf1 Kf7
40.Ke2 Ke6
41.Kd3 Bd4e5
42.Ba5b6 Kd6
43.Bb6d8 Kc6
44.Bd8a5 Kb5
45.Ba5d8 a5
46.Bd8e7 a4
47.Be7f8 Kc6
48.Bf8b4 Be5d6
49.Bb4d2 Bd6e5
50.Bd2b4 Kd7
51.Bb4c5 Ke6
52.Bc5b6 f4
53.Bb6a5 Kf5
54.Ba5d8 g5
55.Bd8e7 h5
56.Be7d8 g4
57.hxg4 hxg4
58.Bd8e7 gxf3
59.gxf3 Ke6
60.Be7b4 Be5b2
61.Bb4d2 Ke5
62.Bd2a5 { draw }
1/2-1/2

[Event "Tourn. n10105"]
[Site "www.echecsemail.com"]
[Date "2019.04.29"]
[Round "1"]
[White "Esperanza"]
[Black "Fabos12"]
[WhiteElo "1850"]
[BlackElo "1900"]
[Result "1-0"]
[Round "1"]
1.e4 e5
2.Ng1f3 Nb8c6
3.Bf1c4 h6
4.O-O Bf8c5
5.d3 a6
6.c3 Ng8f6
7.Bc4b3 b5
8.Nb1d2 d6
9.h3 Bc8b7
10.Rf1e1 Nc6e7
11.Nd2f1 Ne7g6
12.Nf1g3 Qd8d7
{ time. }
1-0

[Event "Match"]
[Site "www.echecsemail.com"]
[Date "2019.04.29"]
[Round "1"]
[White "Joseph1983"]
[Black "Tbsundar"]
[WhiteElo "2180"]
[BlackElo "2150"]
[Result "0-1"]
[Round "1"]
1.d4 d5
2.c4 c6
3.cxd5 cxd5
4.Nb1c3 e6
5.Bc1f4 Bf8d6
6.Bf4xd6 Qd8xd6
7.e3 Ng8f6
8.Bf1d3 Nb8c6
9.Ra1c1 a6
10.Ng1f3 O-O
11.O-O Bc8d7
12.a3 b5
13.b4 e5
14.dxe5 Nc6xe5
15.Nf3xe5 Qd6xe5
16.Bd3b1 Nf6g4
17.g3 Ra8c8
18.Qd1xd5 Qe5e7
19.Nc3e4 Bd7e6
20.Qd5d6 Qe7xd6
21.Ne4xd6 Rc8d8
22.Rc1c6 Be6d5
23.Rc6xa6 Ng4e5
24.f4 Ne5f3
25.Kf2 Nf3xh2
26.e4 Nh2xf1
{ resign }
0-1

[Event "Match"]
[Site "www.echecsemail.com"]
[Date "2019.04.29"]
[Round "1"]
[White "Pforjan"]
[Black "Stevep84"]
[WhiteElo "2260"]
[BlackElo "2320"]
[Result "1-0"]
[Round "1"]
1.e4 c6
2.d4 d5
3.Nb1c3 dxe4
4.Nc3xe4 Bc8f5
5.Ne4g3 Bf5g6
6.h4 h6
7.h5 Bg6h7
8.Ng1f3 Nb8d7
9.Bf1d3 Bh7xd3
10.Qd1xd3 e6
11.Bc1d2 Ng8f6
12.O-O-O Nf6d5
13.Ng3e4 Bf8e7
14.Kb1 O-O
15.g4 b5
16.g5 hxg5
17.Ne4xg5 Nd7f6
18.Nf3e5 Qd8c8
19.h6 Nd5b4
20.Bd2xb4 Be7xb4
21.hxg7 Kxg7
22.Rd1g1 { resign }
1-0

[Event "Tourn. n10111"]
[Site "www.echecsemail.com"]
[Date "2019.04.29"]
[Round "1"]
[White "Fegatux"]
[Black "Yudoka"]
[WhiteElo "2280"]
[BlackElo "2300"]
[Result "1/2-1/2"]
[Round "1"]
1.d4 d5
2.c4 c6
3.Ng1f3 Ng8f6
4.g3 Bc8f5
5.Nb1c3 e6
6.Nf3h4 Bf5e4
7.f3 Be4g6
8.Qd1b3 b6
9.Nh4xg6 hxg6
10.Bc1g5 Bf8e7
11.Bf1g2 O-O
12.O-O Nb8d7
13.Ra1d1 Qd8c7
14.cxd5 cxd5
15.Bg5f4 Qc7b7
16.e4 Rf8d8
17.Bf4g5 dxe4
18.fxe4 e5
19.d5 Nd7c5
20.Qb3c4 Ra8c8
21.Qc4e2 Nf6xd5
22.exd5 Be7xg5
23.Qe2xe5 Bg5f6
24.Qe5f4 Bf6xc3
25.bxc3 Qb7d7
26.c4 Rd8e8
27.Rd1d2 Rc8d8
28.Kh1 Re8e7
29.h4 Qd7d6
30.Qf4xd6 Rd8xd6
31.Rf1f4 f6
32.Kg1 Nc5d7
33.Kf2 Nd7e5
34.Bg2f1 Kf7
35.Bf1e2 Ke8
36.a4 Kd8
37.Rd2a2 Kc7
38.Ra2c2 Kb7
39.g4 Rd6d8
40.Rf4d4 Kc7
41.c5 bxc5
42.Rc2xc5 Kd6
43.Rc5c2 Rd8b8
44.Be2b5 f5
45.gxf5 gxf5
46.Kg3 Rb8h8
47.Rd4d1 f4
48.Kxf4 Rh8xh4
49.Ke3 Ne5c4
50.Kf3 Re7e3
51.Kg2 Rh4g4
52.Kh2 Re3e5
53.Rd1d3 Nc4e3
54.Rc2c6 Ke7
55.Rc6e6 Re5xe6
56.dxe6 Ne3f5
57.Rd3d7 Kxe6
58.Rd7xa7 Rg4b4
59.Bb5d7 Kf6
60.Bd7xf5 Kxf5
61.a5 g5
62.a6 Kg4
63.Ra7a8 Rb4b2
64.Kg1 Kg3
65.Kf1 g4
66.a7 Rb2a2
67.Ke1 Kg2
68.Kd1 { draw }
1/2-1/2

[Event "Tourn. n10115"]
[Site "www.echecsemail.com"]
[Date "2019.04.29"]
[Round "1"]
[White "Llord"]
[Black "Picifarkinca"]
[WhiteElo "2010"]
[BlackElo "2040"]
[Result "1/2-1/2"]
[Round "1"]
1.e4 e5
2.Ng1f3 Nb8c6
3.Bf1c4 Ng8f6
4.Nb1c3 Nf6xe4
5.O-O Ne4f6
6.Nf3g5 d5
7.Bc4b5 Bc8d7
8.d3 Bf8d6
{ draw }
1/2-1/2

[Event "Tourn. n10113"]
[Site "www.echecsemail.com"]
[Date "2019.04.29"]
[Round "1"]
[White "Bojan"]
[Black "Picifarkinca"]
[WhiteElo "2050"]
[BlackElo "2040"]
[Result "1-0"]
[Round "1"]
1.e4 d5
2.exd5 Qd8xd5
3.Nb1c3 Qd5a5
4.d4 c6
5.Bc1d2 Qa5c7
6.Qd1f3 Ng8f6
7.h3 Nb8d7
8.Bf1d3 e6
9.Ng1e2 Bf8d6
10.Ne2g3 O-O
11.Nc3e4 Bd6e7
12.Ne4xf6 Nd7xf6
13.b3 e5
14.Ng3f5 Bc8xf5
15.Qf3xf5 exd4
16.Bd2g5 Be7b4
17.Kf1 { resign }
1-0

[Event "Tourn. n10063"]
[Site "www.echecsemail.com"]
[Date "2019.04.29"]
[Round "1"]
[White "Marbachess"]
[Black "Szustan"]
[WhiteElo "2610"]
[BlackElo "2540"]
[Result "0-1"]
[Round "1"]
1.f4 d5
2.b3 Bc8g4
3.Bc1b2 Nb8c6
4.Nb1c3 e5
5.fxe5 Nc6xe5
6.g3 d4
7.Nc3e4 Ng8f6
8.Ne4f2 Qd8d7
9.Nf2xg4 Ne5xg4
10.Ng1f3 Bf8c5
11.Bf1g2 O-O
12.O-O Ra8e8
13.Nf3e1 Bc5d6
14.h3 Ng4h6
15.g4 Nf6e4
16.Bb2xd4 f5
17.e3 Ne4g3
18.g5 Nh6f7
19.Ne1f3 Qd7e7
20.Rf1e1 Nf7xg5
21.a3 c5
22.Bd4b2 Kh8
23.a4 a5
24.Nf3xg5 Qe7xg5
25.Qd1f3 b6
26.Ra1c1 Re8e6
27.Rc1d1 Re6g6
28.d3 Qg5h4
29.Qf3f2 h6
30.Bb2c1 Qh4e7
31.Bc1b2 Ng3h5
32.Bb2a1 f4
33.exf4 Qe7d7
34.f5 Rf8xf5
{ resign }
0-1

[Event "Tourn. n10063"]
[Site "www.echecsemail.com"]
[Date "2019.04.29"]
[Round "1"]
[White "Nevaeh"]
[Black "Jazzy"]
[WhiteElo "2720"]
[BlackElo "2200"]
[Result "1-0"]
[Round "1"]
1.d4 Ng8f6
2.Bc1f4 d5
3.Ng1f3 e6
4.e3 a6
5.Bf1d3 Bf8d6
6.Nb1d2 Bd6xf4
7.exf4 Qd8d6
8.g3 Qd6b6
9.Qd1b1 O-O
10.O-O Bc8d7
11.a4 Rf8c8
12.b4 Nb8c6
13.c3 a5
14.b5 Nc6e7
15.c4 c5
16.dxc5 Qb6xc5
17.Nd2b3 Qc5b4
18.c5 Nf6e4
19.Nf3e5 Bd7xb5
20.Bd3xb5 Ne4c3
21.Qb1d3 Qb4xb3
22.Rf1b1 Qb3xb1
23.Ra1xb1 Nc3xb1
24.Qd3xb1 Rc8xc5
25.Bb5d3 Rc5c7
26.Bd3xh7 Kf8
27.Qb1b6 Ra8c8
28.Bh7d3 Ne7c6
29.Ne5xc6 Rc7xc6
30.Qb6xb7 Rc6c5
31.Bd3b5 { resign }
1-0

[Event "Tourn. n10094"]
[Site "www.echecsemail.com"]
[Date "2019.04.29"]
[Round "1"]
[White "Chessdna"]
[Black "Esperanza"]
[WhiteElo "1710"]
[BlackElo "1850"]
[Result "0-1"]
[Round "1"]
1.e4 e5
2.d3 Ng8f6
3.Ng1e2 Bf8c5
4.a3 Nf6g4
5.d4 exd4
6.Ne2xd4 Ng4xf2
7.Kxf2 Qd8f6
8.Ke3 Nb8c6
9.c3 O-O
10.Bf1c4 Rf8e8
11.Rh1f1 Qf6h6
12.Rf1f4 Nc6e5
 { time }
0-1

[Event "Match"]
[Site "www.echecsemail.com"]
[Date "2019.04.29"]
[Round "1"]
[White "Mitja"]
[Black "Bojan"]
[WhiteElo "2070"]
[BlackElo "2040"]
[Result "0-1"]
[Round "1"]
1.d4 d5
2.e3 a6
3.c3 Nb8d7
4.h3 e6
5.Ng1f3 Qd8f6
6.b3 c5
7.dxc5 Bf8xc5
8.Bc1b2 Qf6e7
9.Qd1c1 b5
10.b4 Bc5b6
11.Bf1e2 f6
12.Nb1d2 Ng8h6
13.Nd2b3 Bc8b7
14.a3 Ra8c8
15.Qc1c2 Nh6f7
16.Be2d3 Nf7e5
17.Nf3xe5 Nd7xe5
18.Bd3xh7 f5
19.f4 Ne5c4
20.Bh7g6 Kd8
21.Qc2e2 Nc4xb2
22.Qe2xb2 Qe7f6
23.Bg6xf5 Qf6xf5
24.Nb3d4 Qf5g6
25.g4 Qg6e4
26.Kd2 Kd7
27.Rh1h2 Rh8xh3
{ resign }
0-1

[Event "Tourn. n10112"]
[Site "www.echecsemail.com"]
[Date "2019.04.29"]
[Round "1"]
[White "Bojan"]
[Black "Francesco"]
[WhiteElo "2050"]
[BlackElo "2120"]
[Result "0-1"]
[Round "1"]
1.e4 c6
2.d4 d5
3.e5 Bc8f5
4.Ng1f3 e6
5.c3 Nb8d7
6.Nb1d2 c5
7.Nf3h4 Ng8e7
8.Nh4xf5 Ne7xf5
9.Nd2f3 Bf8e7
10.g4 Nf5h4
11.h3 Nh4xf3
12.Qd1xf3 cxd4
13.cxd4 Qd8a5
14.Bc1d2 Qa5b6
15.Bd2c3 Be7b4
16.b3 Qb6xd4
17.Bc3xb4 Qd4xb4
18.Kd1 Qb4d4
19.Qf3d3 Qd4xa1
20.Ke2 Qa1xa2
21.Kf3 Nd7xe5
22.Kg2 Ne5xd3
23.Bf1xd3 Qa2xb3
{ resign }
0-1

[Event "1/64 Finale"]
[Site "www.chess-mail.com"]
[Date "2019.04.29"]
[Round "1"]
[White "Gvladutz"]
[Black "Add"]
[WhiteElo "2460"]
[BlackElo "2190"]
[Result "1-0"]
[Round "1"]
1.Ng1f3 d5
2.g3 Nb8c6
3.Bf1g2 e5
4.d4 e4
5.Nf3e5 Nc6xe5
6.dxe5 Bf8c5
7.c4 c6
8.Nb1c3 Bc8e6
9.O-O a6
10.cxd5 cxd5
11.Qd1a4 b5
12.Nc3xb5 Be6d7
13.Qa4c2 Bc5xf2
14.Rf1xf2 Bd7xb5
15.a4 Ra8c8
16.Qc2d1 Bb5c6
17.Bg2h3 Rc8c7
18.Bc1e3 Rc7b7
19.Ra1c1 Ng8e7
20.e6 O-O
21.exf7 Kh8
22.Qd1d2 Qd8d6
23.Be3c5 Qd6e5
24.Qd2f4 Qe5xf4
25.Rf2xf4 Bc6xa4
26.Bc5xe7 Rb7xe7
27.Rc1c8 Ba4e8
28.fxe8Q { resign }
1-0

[Event "1/128 Finale"]
[Site "www.chess-mail.com"]
[Date "2019.04.29"]
[Round "1"]
[White "Joeinpa"]
[Black "Guidom"]
[WhiteElo "999"]
[BlackElo "2140"]
[Result "0-1"]
[Round "1"]
1.Ng1f3 d5
2.g3 c5
3.e3 Nb8c6
4.Nb1c3 e6
5.d4 cxd4
6.exd4 Bc8d7
7.Bf1d3 Bf8e7
8.Bc1f4 Ng8f6
9.O-O O-O
10.Nc3b5 a6
11.Nb5c3 b5
12.a4 b4
13.Nc3e2 a5
14.c3 Nf6h5
15.cxb4 Nh5xf4
16.gxf4 Nc6xb4
17.Qd1b1 Nb4xd3
18.Qb1xd3 Ra8b8
19.Nf3e5 Rb8xb2
20.Ra1b1 Rb2b4
21.Qd3c2 Bd7xa4
22.Ne5c6 Ba4xc2
23.Rb1c1 Qd8d7
 { time }
0-1

[Event "1/64 Finale"]
[Site "www.chess-mail.com"]
[Date "2019.04.29"]
[Round "1"]
[White "Sorim"]
[Black "Picifarkinca"]
[WhiteElo "2130"]
[BlackElo "2070"]
[Result "1-0"]
[Round "1"]
1.d4 Ng8f6
2.c4 e6
3.Ng1f3 Bf8b4
4.Nb1d2 Nf6e4
5.a3 Ne4xd2
6.Nf3xd2 Bb4xd2
7.Bc1xd2 d6
8.e4 O-O
9.Qd1g4 Nb8c6
10.Bd2g5 f6
11.Bg5h6 Qd8e7
12.Bh6e3 e5
13.Qg4d1 exd4
14.Be3xd4 Nc6xd4
15.Qd1xd4 Qe7e5
16.Ra1d1 Bc8f5
17.Qd4xe5 fxe5
18.exf5 Rf8xf5
19.Bf1d3 { resign }
1-0

[Event "Tourn. n10120"]
[Site "www.echecsemail.com"]
[Date "2019.04.30"]
[Round "1"]
[White "Apdash"]
[Black "Bojan"]
[WhiteElo "2180"]
[BlackElo "2020"]
[Result "0-1"]
[Round "1"]
1.d4 d5
2.c4 dxc4
3.Nb1c3 c6
4.a4 b6
5.e4 Ng8f6
6.Bf1xc4 e6
7.Ng1f3 Bf8b4
8.Qd1e2 a5
9.O-O h6
10.Rf1d1 Qd8c7
11.Bc1d2 Nb8d7
12.Ra1c1 Bc8b7
13.d5 Nd7c5
14.dxe6 Nc5xe6
15.Bc4xe6 fxe6
16.Nf3h4 Qc7f7
17.f4 O-O
18.e5 Nf6d5
19.Nc3xd5 Bb4xd2
20.Nd5xb6 Bd2xc1
21.Nb6xa8 Qf7xf4
22.Nh4f3 Qf4e3
23.Kf1 Rf8xa8
24.Qe2c4 Bb7a6
{ resign }
0-1

[Event "Match"]
[Site "www.echecsemail.com"]
[Date "2019.04.30"]
[Round "1"]
[White "Mitja"]
[Black "Bojan"]
[WhiteElo "2030"]
[BlackElo "2050"]
[Result "0-1"]
[Round "1"]
1.d4 d5
2.e3 Nb8d7
3.c3 a6
4.h3 c5
5.dxc5 Nd7xc5
6.Ng1f3 e6
7.b3 b5
8.Bc1b2 f6
9.b4 Nc5a4
10.Bb2a3 Bc8d7
11.Bf1d3 Ra8c8
12.Qd1d2 Rc8c7
13.Bd3c2 Na4b6
14.Bc2b3 Qd8c8
15.Ba3b2 Ng8h6
16.Nb1a3 Nh6f5
17.Ra1c1 Nf5d6
18.Qd2e2 Nd6c4
19.Na3xc4 Nb6xc4
20.Bb3xc4 dxc4
21.Qe2c2 Bd7c6
22.Qc2e2 Bf8d6
23.Rc1d1 Ke7
24.a3 Rc7d7
25.Nf3h4 Qc8a8
26.Rh1g1 Rh8g8
27.Qe2h5 Bc6e4
28.f3 Bd6g3
29.Ke2 Be4d3
30.Rd1xd3 Rd7xd3
31.Rg1d1 Rd3xd1
32.Kxd1 Bg3xh4
33.Qh5xh4 Qa8d5
34.Kc1 Qd5d3
35.Qh4f2 Rg8d8
36.Qf2e1 Qd3g6
37.Qe1e2 Qg6g3
38.e4 Qg3h2
39.Kc2 Qh2g1
40.Bb2c1 Rd8d3
41.Bc1d2 e5
42.Kb2 Qg1b6
43.Kc2 a5
44.Bd2c1 axb4
45.axb4 Qb6a7
46.Bc1b2 Ke6
47.Bb2c1 Qa7a4
{ resign }
0-1

[Event "Match"]
[Site "www.echecsemail.com"]
[Date "2019.04.30"]
[Round "1"]
[White "Cathar"]
[Black "Micheles"]
[WhiteElo "2180"]
[BlackElo "2510"]
[Result "0-1"]
[Round "1"]
1.d4 Ng8f6
2.c4 g6
3.Nb1c3 d5
4.cxd5 Nf6xd5
5.e4 Nd5xc3
6.bxc3 Bf8g7
7.Ng1f3 c5
8.Bc1e3 Qd8a5
9.Qd1d2 O-O
10.Ra1c1 Rf8d8
11.d5 e6
12.Be3g5 f6
13.Bg5e3 Nb8c6
14.Bf1d3 Nc6e7
15.c4 Qa5xd2
16.Nf3xd2 b6
17.Bd3c2 Bc8d7
18.h4 Ne7c8
19.h5 Nc8d6
20.hxg6 hxg6
21.e5 Nd6f5
22.Be3f4 exd5
23.cxd5 fxe5
24.Bf4g5 Rd8f8
25.g4 Nf5d4
26.Bc2xg6 Bd7xg4
27.Rc1c3 Bg4f5
28.Bg6xf5 Nd4xf5
29.Nd2e4 Rf8f7
30.Rc3h3 Ra8f8
31.d6 Rf7d7
32.Bg5f6 Bg7xf6
33.Ne4xf6 Rf8xf6
34.Rh3h8 Kf7
35.Rh1h7 Nf5g7
{ resign }
0-1

[Event "Tourn. n10090"]
[Site "www.echecsemail.com"]
[Date "2019.04.30"]
[Round "1"]
[White "Chessdna"]
[Black "Ditto"]
[WhiteElo "1739"]
[BlackElo "1760"]
[Result "0-1"]
[Round "1"]
1.e4 e5
2.Ng1f3 Nb8c6
3.Bf1b5 Bf8c5
4.O-O a6
5.Bb5c4 Ng8f6
6.h3 d6
7.a3 Nf6xe4
8.Qd1e2 Bc8f5
9.Nb1c3 Ne4g3
10.Bc4xf7 Kxf7
11.Qe2c4 Bf5e6
12.Nc3d5 Nc6d4
13.b4 Bc5a7
14.fxg3 c6
15.Nf3g5 Kg8
16.Ng5xe6 Nd4xe6
17.Nd5e3 Qd8e7
18.c3 d5
 { time }
0-1

[Event "Tourn. n10037"]
[Site "www.echecsemail.com"]
[Date "2019.04.30"]
[Round "1"]
[White "Cemaah"]
[Black "Jaroslavpech"]
[WhiteElo "2360"]
[BlackElo "2590"]
[Result "0-1"]
[Round "1"]
1.e4 c5
2.Ng1f3 Nb8c6
3.d4 cxd4
4.Nf3xd4 Ng8f6
5.Nb1c3 e5
6.Nd4b5 d6
7.Bc1g5 a6
8.Nb5a3 b5
9.Nc3d5 Bf8e7
10.Bg5xf6 Be7xf6
11.Bf1e2 O-O
12.O-O Bf6g5
13.Be2f3 Bc8e6
14.c3 Nc6e7
15.Na3c2 Ne7xd5
16.exd5 Be6d7
17.Nc2b4 Qd8e8
18.Rf1e1 f5
19.Nb4c2 { time. }
0-1

[Event "Tourn. n10113"]
[Site "www.echecsemail.com"]
[Date "2019.04.30"]
[Round "1"]
[White "Luban"]
[Black "Fantomas"]
[WhiteElo "2140"]
[BlackElo "2240"]
[Result "1-0"]
[Round "1"]
1.d4 d5
2.Ng1f3 Ng8f6
3.h3 e6
4.e3 Bf8d6
5.a3 O-O
6.c4 dxc4
7.Bf1xc4 b6
8.Nb1c3 Bc8b7
9.O-O a6
10.Rf1e1 b5
11.Bc4e2 Nf6e4
12.Nc3xe4 Bb7xe4
13.Be2d3 Be4b7
14.e4 Bd6e7
15.Bc1e3 Nb8d7
16.b4 c6
17.Ra1c1 Nd7b6
18.Qd1c2 Ra8c8
19.Nf3d2 Rf8e8
20.Nd2b3 Nb6d7
21.f4 Be7f8
22.Nb3c5 Nd7xc5
23.dxc5 Rc8c7
24.e5 g6
25.Rc1d1 Rc7d7
26.g4 Bf8g7
27.g5 h5
28.h4 Bg7f8
29.Bd3xg6 fxg6
30.Qc2xg6 Bf8g7
31.Qg6xh5 Re8e7
32.Qh5g4 Rd7d3
33.Kf2 Bb7c8
34.Rd1xd3 Qd8xd3
35.Re1d1 Qd3g6
36.h5 Qg6f7
37.h6 Bg7f8
38.g6 Qf7e8
39.Qg4g5 Bf8g7
40.hxg7 Re7xg7
41.Rd1d8 { resign }
1-0

[Event "Tourn. n10109"]
[Site "www.echecsemail.com"]
[Date "2019.04.30"]
[Round "1"]
[White "Bojan"]
[Black "Dussek"]
[WhiteElo "2040"]
[BlackElo "1940"]
[Result "1-0"]
[Round "1"]
1.e4 c5
2.Ng1f3 d6
3.c3 Nb8c6
4.h3 Ng8f6
5.Qd1c2 e6
6.d3 Bf8e7
7.Bc1e3 Bc8d7
8.d4 cxd4
9.cxd4 Ra8c8
10.Nb1c3 Nc6b4
11.Qc2d2 O-O
12.a3 Nb4c6
13.Ra1d1 a6
14.e5 dxe5
15.dxe5 Nf6d5
16.Nc3xd5 exd5
17.Qd2xd5 Bd7e6
18.Qd5e4 Qd8c7
19.Bf1d3 g6
20.Qe4f4 b5
21.O-O Rf8e8
22.Rd1c1 Qc7d7
23.Bd3e4 Be7f8
24.Qf4g3 Bf8g7
25.Rf1d1 Qd7b7
26.Rd1d6 Nc6xe5
27.Be4xb7 Ne5xf3
28.Qg3xf3 Rc8xc1
29.Be3xc1 Bg7e5
30.Rd6d1 { resign }
1-0

[Event "Match"]
[Site "www.echecsemail.com"]
[Date "2019.04.30"]
[Round "1"]
[White "Jesmantiz"]
[Black "Yudoka"]
[WhiteElo "2110"]
[BlackElo "2270"]
[Result "1/2-1/2"]
[Round "1"]
1.d4 d5
2.e3 Ng8f6
3.Bf1d3 c5
4.c3 Nb8c6
5.f4 cxd4
6.cxd4 g6
7.Nb1c3 Bf8g7
8.Ng1f3 O-O
9.a3 Bc8f5
10.Bd3xf5 gxf5
11.O-O Ra8c8
12.Nf3e5 e6
13.Rf1f3 Nc6xe5
14.fxe5 Nf6e4
15.Nc3xe4 dxe4
16.Rf3g3 Qd8c7
17.Qd1h5 Kh8
18.Bc1d2 f6
19.Ra1c1 Qc7xc1
20.Bd2xc1 Rc8xc1
21.Kf2 Rc1c2
22.Ke1 Rc2c1
23.Kf2 Rc1c2
24.Kg1 Rc2c1
25.Kf2 Rc1c2
26.Kg1 Rc2c1
{ draw }
1/2-1/2

[Event "Tourn. n10102"]
[Site "www.echecsemail.com"]
[Date "2019.04.30"]
[Round "1"]
[White "Apdash"]
[Black "Bigrezi"]
[WhiteElo "2200"]
[BlackElo "2240"]
[Result "1-0"]
[Round "1"]
1.e4 e6
2.d4 d5
3.exd5 exd5
4.Ng1f3 Ng8f6
5.c4 Bf8b4
6.Nb1c3 O-O
7.Qd1b3 c5
8.dxc5 Bb4xc5
9.Bf1e2 Qd8c7
10.O-O Nb8c6
11.Nc3xd5 Nf6xd5
12.cxd5 Nc6a5
13.Qb3a4 b6
14.b4 Na5b7
15.bxc5 Nb7xc5
16.Qa4c6 Qc7b8
17.d6 Bc8d7
18.Qc6c7 Qb8xc7
19.dxc7 Ra8e8
20.Rf1e1 h6
21.Bc1f4 Re8e6
22.Kf1 Re6e4
23.Bf4d6 Rf8e8
24.Ra1c1 Nc5b7
25.Bd6g3 Bd7c8
26.Be2a6 Re4xe1
27.Nf3xe1 Re8e6
28.Ba6xb7 Bc8xb7
29.c8Q Bb7xc8
30.Rc1xc8 Kh7
31.Rc8c7 a5
32.Rc7xf7 Kg6
33.Rf7f3 { resign }
1-0